| 000 | 00853cam a22002651 4500 | ||
|---|---|---|---|
| 001 | 11847 | ||
| 003 | BD-RjUL | ||
| 005 | 20211208235207.0 | ||
| 008 | 140127s1967 xxu||||| |||| 001 0 eng d | ||
| 035 | _a(BD-RjUL)11896 | ||
| 040 |
_aDLC _cDLC _dDLC _dICU _dDLC _beng |
||
| 041 | _aeng | ||
| 082 | 0 | 0 |
_a574.8761 _bJAI |
| 100 | 1 |
_aJagger, John, _d1924- _936692 |
|
| 245 | 1 | 0 | _aIntroduction to research in ultra-violet photobiology. / |
| 260 |
_aEnglewood Cliffs, N.J. : _bPrentice-Hall , _cc1967. |
||
| 300 |
_ax, 164 p. : _billus. ; _c23 cm. |
||
| 504 | _aIncludes Bibliography: p. 143-153 and index. | ||
| 650 | 0 |
_aPhotobiology _xTechnique. _936694 |
|
| 650 | 0 |
_aUltraviolet radiation _xPhysiological effect. _936695 |
|
| 942 |
_2ddc _cBK |
||
| 999 |
_c11847 _d11847 |
||